000 00294nam a2200109Ia 4500
005 20251222144841.0
008 251222s9999||||xx |||||||||||||| ||spa||
082 _a304.628.5/F64
245 0 _aServicios Básicos Integrados en Áreas Urbano-marginales del Perú
264 _bUNICEF
942 _cLIB
999 _c21236
_d21236